Départements et villes de France - Statistiques

Statistiques générales
  • Ce quiz a été pris 81 fois
  • Le résultat moyen est 252 sur 353
Statistiques - réponses
Hint Réponse % Correct
1 Ain
95%
75 | Classement villes Paris
95%
Nice
91%
10 Aube
89%
Marseille
89%
2 Aisne
88%
Lyon
88%
Toulouse
88%
Bordeaux
86%
Population/département | Préfectures Bourg-en-Bresse
86%
Caen
86%
Montpellier
86%
Strasbourg
86%
Ajaccio
84%
3 Allier
84%
7 Ardèche
84%
11 Aude
84%
14 Calvados
84%
18 Cher
84%
5 Hautes-Alpes
84%
Lille
84%
Nantes
84%
Rennes
84%
4 Alpes-de-Haute-Provence
82%
6 Alpes-Maritimes
82%
8 Ardennes
82%
67 Bas-Rhin
82%
13 Bouches-du-Rhône
82%
33 Gironde
82%
2B Haute-Corse
82%
68 Haut-Rhin
82%
42 Loire
82%
59 Nord
82%
69 Rhône
82%
93 Seine-Saint-Denis
82%
12 Aveyron
81%
Brest
81%
Clermont-Ferrand
81%
Dijon
81%
29 Finistère
81%
971 Guadeloupe
81%
36 Indre
81%
38 Isère
81%
45 Loiret
81%
972 Martinique
81%
62 Pas-de-Calais
81%
64 Pyrénées-Atlantiques
81%
66 Pyrénées-Orientales
81%
974 Réunion
81%
Saint-Denis
81%
Saint-Denis (La Réunion)
81%
Angers
79%
9 Ariège
79%
Bastia
79%
16 Charente
79%
17 Charente-Maritime
79%
19 Corrèze
79%
2A Corse-du-Sud
79%
22 Côtes d'Armor
79%
27 Eure
79%
30 Gard
79%
Grenoble
79%
52 Haute-Marne
79%
74 Haute-Savoie
79%
92 Hauts-de-Seine
79%
34 Hérault
79%
37 Indre-et-Loire
79%
La Roche-sur-Yon
79%
44 Loire-Atlantique
79%
Metz
79%
Nancy
79%
Nîmes
79%
Rouen
79%
Saint-Étienne
79%
73 Savoie
79%
77 Seine-et-Marne
79%
90 Territoire de Belfort
79%
Toulon
79%
95 Val-d'Oise
79%
Belfort
77%
Carcassonne
77%
Gap
77%
973 Guyane
77%
31 Haute-Garonne
77%
65 Hautes-Pyrénées
77%
35 Ille-et-Vilaine
77%
39 Jura
77%
40 Landes
77%
41 Loir-et-Cher
77%
976 Mayotte
77%
Orléans
77%
Pau
77%
80 Somme
77%
Troyes
77%
94 Val-de-Marne
77%
83 Var
77%
84 Vaucluse
77%
Amiens
75%
15 Cantal
75%
Chambéry
75%
21 Côte-d'Or
75%
23 Creuse
75%
26 Drôme
75%
91 Essonne
75%
28 Eure-et-Loir
75%
32 Gers
75%
43 Haute-Loire
75%
La Rochelle
75%
Le Havre
75%
Le Mans
75%
51 Marne
75%
54 Meurthe-et-Moselle
75%
56 Morbihan
75%
57 Moselle
75%
60 Oise
75%
61 Orne
75%
Perpignan
75%
76 Seine-Maritime
75%
81 Tarn
75%
82 Tarn-et-Garonne
75%
78 Yvelines
75%
Annecy
74%
Besançon
74%
46 Lot
74%
49 Maine-et-Loire
74%
50 Manche
74%
53 Mayenne
74%
Nanterre
74%
63 Puy-de-Dôme
74%
Quimper
74%
71 Saône-et-Loire
74%
72 Sarthe
74%
86 Vienne
74%
88 Vosges
74%
Avignon
72%
Bourges
72%
79 Deux-Sèvres
72%
24 Dordogne
72%
25 Doubs
72%
47 Lot-et-Garonne
72%
55 Meuse
72%
Poitiers
72%
Reims
72%
Tours
72%
Vannes
72%
85 Vendée
72%
Versailles
72%
Colmar
70%
87 Haute-Vienne
70%
Limoges
70%
Niort
70%
Arras
68%
Charleville-Mézières
68%
Chartres
68%
Évry-Courcouronnes
68%
70 Haute-Saône
68%
Moulins
68%
Privas
68%
Saint-Brieuc
68%
89 Yonne
68%
Auxerre
67%
Beauvais
67%
Calais
67%
Cayenne
67%
Cergy
67%
Fort-de-France
67%
Laon
67%
48 Lozère
67%
Mamoudzou
67%
Mulhouse
67%
58 Nièvre
67%
Valence
67%
Alençon
65%
Bobigny
65%
Châlons-en-Champagne
65%
Créteil
65%
Melun
65%
Saint-Lô
65%
Tarbes
65%
Tulle
65%
Basse-Terre
63%
Blois
63%
Châteauroux
63%
Digne-les-Bains
63%
Évreux
63%
Foix
63%
Laval
63%
Lorient
63%
Nevers
63%
Périgueux
63%
Rodez
63%
Angoulême
61%
Le Puy-en-Velay
61%
Montauban
61%
Mont-de-Marsan
61%
Albi
60%
Aurillac
60%
Épinal
60%
Guéret
60%
Cahors
58%
Chaumont
58%
Mâcon
56%
Narbonne
56%
Agen
54%
Auch
54%
Bar-le-Duc
54%
Lons-le-Saunier
54%
Vesoul
51%
Mende
49%
Saint-Quentin
49%
Argenteuil
46%
Boulogne-Billancourt
40%
Dole
40%
Verdun
40%
Villeurbanne
40%
Roubaix
39%
Chalon-sur-Saône
37%
Cherbourg-en-Cotentin
37%
Meaux
37%
Aix-en-Provence
35%
Montluçon
35%
Tourcoing
35%
Brive-la-Gaillarde
33%
Les Abymes
33%
Saint-Dizier
33%
Montreuil
30%
Pamiers
28%
Manosque
26%
Saint-Paul
21%
Vitry-sur-Seine
21%
Annonay
19%
Colombes
18%
Asnières-sur-Seine
11%
Aucun quiz correspondant
Distribution des résultats
% des personnes avec chaque résultat
Percentile par nombre de réponses
Votre historique - résultats
Vous n’avez pas pris ce quiz